000 00482nam a2200181Ia 4500
005 20250326144135.0
008 250326s9999 xx 000 0 und d
037 _aTextbook
040 _aFMSL
_beng
_cFMSL
041 _aeng
_2eng
084 _aX:8D L92
_qFMSL
100 _aMathur I
_9738070
245 0 _aIntroduction to ficial management
_cMathur I
260 _aNY
_bNY, Macmillan
_c1979
300 _a524p
942 _cTB
_hX:8D L92
999 _c1302531
_d1302531